| 000 | 00869cam a22002771 4500 | ||
|---|---|---|---|
| 999 |
_c21791 _d21791 |
||
| 001 | 7463285 | ||
| 003 | BDDh-ASL | ||
| 005 | 20231015030037.0 | ||
| 008 | 720919s1955 pk a 000 0 eng | ||
| 010 | _a 56013679 | ||
| 035 | _a(OCoLC)409290 | ||
| 040 |
_aDLC _cODaWU _dICIU _dDLC _dBDDh-ASL |
||
| 042 | _apremarc | ||
| 043 | _aa-pk--- | ||
| 050 | 0 | 0 |
_aDS379 _b.I 39 |
| 082 |
_a954.7 _bIKC |
||
| 100 | 1 |
_aIkram, S. M. _q(Sheikh Mohamad), _d1908-1973, _eed. |
|
| 245 | 1 | 4 |
_aThe cultural heritage of Pakistan / _cedited by S. M. Ikram and Percival Spear. |
| 260 |
_aKarachi : _aNew York: _bOxford University Press, _c1955. |
||
| 300 |
_a204 p. : _billus. _c21 cm. |
||
| 590 | _aIn English. | ||
| 651 | 0 |
_aPakistan _xCivilization. |
|
| 700 | 1 |
_aSpear, Percival, _d1901-1982, _ejoint ed. |
|
| 906 |
_a7 _bcbc _coclcrpl _du _encip _f19 _gy-gencatlg |
||
| 942 |
_2ddc _cBK |
||